Score 0/40 Timer 05:00
0 Plays Today
Question Answer Wrong Answers
_____ Dwarfs
Friends and housemates of Snow White
Seven
90.1%
Five
0.3%
Six
0.4%
Eight
0.7%
_____ Feet Under
Dead, or an HBO television series
Six
87.1%
Five
1.5%
Seven
1.2%
Eight
1.6%
_____ Finger Discount
Colloquialism for shoplifting
Five
85.4%
Six
4.4%
Seven
0.8%
Eight
0.6%
Behind the _____ Ball
In a difficult situation, idiomatically
Eight
85.1%
Five
1.8%
Six
2.6%
Seven
1.6%
Take _____
Dave Brubeck jazz classic (or a pretzel-based candy)
Five
84.2%
Six
4.5%
Seven
1%
Eight
1.4%
_____ Hour Day
Standard day's work
Eight
83.7%
Five
2%
Six
1.3%
Seven
4.6%
The Magnificent _____
Classic Western film, its 2016 remake, or a song by The Clash
Seven
82.5%
Five
1.9%
Six
3.4%
Eight
3.5%
_____-Track
Magnetic tape sound-recording, popular in the 1960-70s
Eight
80.4%
Five
3%
Six
5.8%
Seven
1.9%
_____ O'Clock Shadow
Stubble on one's chin at the end of the day
Five
79.2%
Six
7.5%
Seven
1.8%
Eight
3%
_____ Wonders of the Ancient World
List of notable ancient monuments
Seven
79.2%
Five
0.8%
Six
1.1%
Eight
10.4%
_____ Flags
American theme park franchise
Six
78.8%
Five
6.5%
Seven
4.1%
Eight
1.8%
_____ Brides for _____ Brothers
1954 musical film
Seven
77.9%
Five
6.8%
Six
4.9%
Eight
1.6%
The Hateful _____
2015 Tarantino western
Eight
76.6%
Five
3.7%
Six
4.7%
Seven
6%
The _____ Million Dollar Man
1970s science fiction television series
Six
75.5%
Five
5.5%
Seven
5.1%
Eight
5.2%
_____ for Fighting
'Superman (It's Not Easy)' performer
Five
75.4%
Six
6.9%
Seven
4.3%
Eight
4.1%
_____ Degrees of Separation
Idea that all living things are closely connected
Six
74%
Five
6.4%
Seven
7.6%
Eight
3.2%
Deep _____
To destroy something deliberately
Six
73.7%
Five
6.1%
Seven
4.8%
Eight
6.3%
_____ Days a Week
1964 Beatles single
Eight
73%
Five
1.7%
Six
2%
Seven
14.7%
_____ Samurai
Akira Kurosawa epic film
Seven
72.1%
Five
4.8%
Six
10.7%
Eight
3.4%
_____ Years in Tibet
Heinrich Harrer autobiography (or its Brad Pitt film adaptation)
Seven
68.8%
Five
5.5%
Six
8.4%
Eight
8.2%
Seventy times _____
The number of times Christ instructed Peter to forgive sinners
Seven
67.6%
Five
10.2%
Six
7.9%
Eight
5.1%
_____ Is Enough
Late '70s comedy-drama television series starring Dick Van Patten
Eight
66.9%
Five
10.2%
Six
8.8%
Seven
5%
Ben Folds _____
Trio behind 'Brick'
Five
65.4%
Six
13%
Seven
6.6%
Eight
5.5%
Piece of _____
Spanish silver coin from the age of exploration
Eight
65%
Five
7.6%
Six
12.1%
Seven
6.1%
Eighty-_____
To eject someone, generally from a bar or restaurant.
Six
61.2%
Five
2.7%
Seven
1.9%
Eight
25.4%
_____ Men Out
Sports drama about the Black Sox scandal
Eight
60.7%
Five
11.3%
Six
12.2%
Seven
6.5%
_____ Hills of Rome
The heart of the ancient portion of Rome
Seven
60%
Five
13.8%
Six
12.5%
Eight
4.6%
_____ Seas of Rhye
Early single by Queen
Seven
57.5%
Five
11.5%
Six
17.3%
Eight
4.2%
The Famous _____
Enid Blyton book series
Five
57.5%
Six
7.7%
Seven
7%
Eight
18.5%
Sinister _____
Collection of Spider-Man villains
Six
57.4%
Five
5.8%
Seven
22.4%
Eight
5%
_____ Sisters
Historically significant American women's colleges
Seven
55.8%
Five
11.9%
Six
20.8%
Eight
2.4%
_____ Easy Pieces
1970 Jack Nicholson film
Five
54.4%
Six
19.5%
Seven
8.4%
Eight
8.4%
_____ Nights at Freddy's
Jumpscare horror video game series
Five
53.7%
Six
12.2%
Seven
19.2%
Eight
5.5%
Original _____
NHL teams that existed prior to World War II
Six
51.1%
Five
14.5%
Seven
8%
Eight
17%
_____ Miles High
Byrds song, often called the first psychedelic rock song
Eight
50.4%
Five
20%
Six
9.7%
Seven
10.8%
The Battle of the _____ Armies
Final part of The Hobbit film trilogy
Five
49.7%
Six
13.8%
Seven
21.9%
Eight
5.3%
_____ Pillars
Fundamental tenets of Islam
Five
46.6%
Six
14.9%
Seven
23.7%
Eight
6.1%
_____ Nations Championship
Rugby union competition between major European powers
Six
39.8%
Five
18.3%
Seven
20%
Eight
12.5%
_____-Day War
Conflict between Israel and Egypt, Jordan, and Syria
Six
38.2%
Five
6.5%
Seven
31.8%
Eight
14.6%
_____-Nation Alliance
Military coalition that fought China in the Boxer Rebellion
Eight
9.4%
Five
31%
Six
25.5%
Seven
24.6%
Remove Ads.
Support Sporcle.
Get the best of Sporcle when you Go Orange. This ad-free experience offers more features, more stats, and more fun while also helping to support Sporcle. Thank you for becoming a member.

You're not logged in!

Compare scores with friends on all Sporcle quizzes.
OR
Log In

Show Comments

Extras

Top Quizzes Today


Score Distribution

Your Account Isn't Verified!

In order to create a playlist on Sporcle, you need to verify the email address you used during registration. Go to your Sporcle Settings to finish the process.

Report this User

Report this user for behavior that violates our Community Guidelines.

Details: